IBMの対日戦略 : IBM's Japan strategy

Na minha lista:
Detalhes bibliográficos
Autor principal: 栗田昭平(くりた しょうへい)
Formato: Livro
Idioma:Undetermined
Publicado em: 東京 日本経済新聞社 1984
Assuntos:
Tags: Adicionar Tag
Sem tags, seja o primeiro a adicionar uma tag!
Thư viện lưu trữ: Trung tâm Học liệu Trường Đại học Cần Thơ
LEADER 00556nam a2200205Ia 4500
001 CTU_87361
008 210402s9999 xx 000 0 und d
082 |a 338.8 
082 |b K97 
100 |a 栗田昭平(くりた しょうへい) 
245 0 |a IBMの対日戦略 : 
245 0 |b IBM's Japan strategy 
245 0 |c 栗田昭平 
260 |a 東京 
260 |b 日本経済新聞社 
260 |c 1984 
650 |a Corporations 
650 |z Japan 
904 |i Ngoc(Tuyến) 
980 |a Trung tâm Học liệu Trường Đại học Cần Thơ